| 000 | 00645nam a2200217 i 4500 | ||
|---|---|---|---|
| 001 | bg | ||
| 100 | 1 |
_aBudnikowski, Adam _d(1948- ). |
|
| 245 | 1 | 0 |
_aOchrona środowiska jako problem globalny / _cAdam Budnikowski. |
| 260 |
_aWarszawa : _bPolskie Wydaw. Ekonomiczne, _c1998. |
||
| 300 |
_a170, [2] s. : _bwykr. ; _c21 cm. |
||
| 504 | _aBibliogr. s. 164-[171]. | ||
| 650 | 9 |
_aŚrodowisko człowieka _xhigiena i ochrona |
|
| 655 | _aPodręczniki akademickie | ||
| 020 | _a8320811678 | ||
| 040 | _cBPK | ||
| 041 | 0 | _apl | |
| 080 | _a504.05/.06(075.8) | ||
| 920 | _a83-208-1167-8 | ||
| 942 | _cKS | ||
| 008 | s pl f |000 0 pol | ||
| 999 |
_c36366 _d36366 |
||
| 856 |
_uhttp://koha.tu.koszalin.pl/cgi-bin/koha/opac-detail.pl?biblionumber=36366 _yKatalog online BPK |
||